Τα πανεπιστημιακά παιδαγωγικά τμήματα : καταβολές, παρούσα κατάσταση, προοπτικές

Αποθηκεύτηκε σε:
Λεπτομέρειες βιβλιογραφικής εγγραφής
Κύριος συγγραφέας: Σταμέλος, Γιώργος 1961-
Μορφή: Βιβλίο
Γλώσσα:Greek
Δημοσίευση: Αθήνα : Gutenberg, 1999
Σειρά:Βιβλιοθήκη κοινωνικής επιστήμης και κοινωνικής πολιτικής ; ; 60
Θέματα:
Ετικέτες: Προσθήκη ετικέτας
Δεν υπάρχουν, Καταχωρήστε ετικέτα πρώτοι!

MARC

LEADER 00000nam a2200000 i 4500
001 1/18743
008 120330s1999 gre d
020 |a 960-01-0789-0 
035 |l 10112177 
040 |a GR-MY-UA  |b gre  |e aacr 
041 0 |a gre 
082 0 |a 378.495  |2 (22) 
100 1 |a Σταμέλος, Γιώργος  |d 1961- 
245 1 3 |a Τα πανεπιστημιακά παιδαγωγικά τμήματα :  |b καταβολές, παρούσα κατάσταση, προοπτικές /  |c Γιώργος Σταμέλος 
260 |a Αθήνα :   |b Gutenberg,   |c 1999 
300 |a 354 σ.;  |b πιν.;  |c 21 εκ. 
490 1 |a Βιβλιοθήκη Κοινωνικής Επιστήμης και Κοινωνικής Πολιτικής  |v ; 60 
500 |a Περιλαμβάνει παραρτήματα 
500 |a Πάντειο Πανεπιστήμιο Κοινωνικών και Πολιτικών Επιστημών, Κέντρο Κοινωνικής Μορφολογίας και Κοινωνικής Πολιτικής 
504 |a Περιλαμβάνει βιβλιογραφικές παραπομπές και ευρτήριο 
650 0 0 |a Education, Elementary  |x Study and teaching. 
650 0 0 |a Education, Higher  |z Greece. 
650 0 0 |a Universities and colleges  |z Greece. 
650 0 0 |a Teachers  |x Training of  |z Greece. 
830 0 |a Βιβλιοθήκη κοινωνικής επιστήμης και κοινωνικής πολιτικής ;  |v ; 60 
852 |a INST  |b RHODES  |c EUDOXUS  |e 20120330  |h 378.495 ΣΤΑ  |p 005400034254  |q 005400034254  |t EDX  |y 0 
901 |a BIBL4-2012-1 
909 |a Ρ  |b 170884 
920 |a ΕΥΔΟΞΟΣ  |b ΕΠΙΣΤΡΟΦΗ  |y ΡΟΔΟΣ  |z 2012-03 
970 |z 2012/03/30